000 00452nam a2200157Ia 4500
008 151021s9999 xx 000 0 und d
020 _a201354357
050 _aTX 5105.8885 .D74T693 1999
245 _a_Visual Dreamweaver 2 For windows and macintosh
260 _aU.S.A Peachpit Press 1999
300 _axvi,384p,;ill
500 _aIncludes Index
500 _aIncludes Index
650 _a_Web Pages
980 _a^d20120827 11:45:12^okorir
999 _c12495
_d12495